000 00470nam a2200193Ia 4500
005 20250423100050.0
008 250422s9999 xx 000 0 und d
020 _a9780273738961
050 _aHD 31 B64/
100 _aBoddy, David
245 0 _aManagement : an introduction
250 _a5th ed.
260 _aHarlow, England ;New York
260 _bFinancial Times Prentice Hall
260 _c2011
300 _a76 p
650 _aManagement.
942 _cBK
999 _c32182
_d32182